| 000 | 00646nam a2200205 a 4500 | ||
|---|---|---|---|
| 001 | 1564 | ||
| 003 | CDMR | ||
| 005 | 20131108174618.0 | ||
| 008 | 130130s1985||||||||||||||||||||||||||||d | ||
| 020 | _a8474760887 | ||
| 040 |
_aCDMR _bcat _cCDMR |
||
| 100 | 1 |
_aSemolinos Arribas, Mercedes _91170 |
|
| 245 | 1 | 0 |
_aHitler y la prensa de la II República Española _cpor Mercedes Semolinos Arribas |
| 260 |
_aMadrid _bSiglo XII |
||
| 260 |
_c1985 _bCentro de Investigaciones Sociológicas |
||
| 300 | _a290 p. | ||
| 650 | 0 | 4 |
_94090 _aPremsa i política _zEspanya _y1932-1933 |
| 650 | 0 | 4 |
_94109 _aNacionalsocialisme _xCobertura periodística |
| 942 |
_cMON _2udc |
||
| 999 |
_c1564 _d1564 |
||